00379nam a2200133Ia 4500008004100000082001700041100001400058245001900072260001800091600001200109942000700121952010000128999001700228241002s9999 xx 000 0 und d a951.9042 CAR aCarew,Tim 4aThe Korean War aLondon:c1967 aHistory cUC 00104070aUITUbUITUd1994-01-01l0o951.9042 CARpUC256r2024-10-02 09:31:14w2024-10-02yUC c18583d18583